Quimica Orgánica. Conceptos y aplicaciones

Bibliographic Details
Main Authors: Bailey, Philip S., Bailey, Cristina A.
Format: Section = Libro
Language:Undetermined
Spanish
Published: México Prentice Hall 1998
Edition:5a.ed.
Subjects:
LEADER 00574nam a2200217Ia 4500
008 240830s9999 xx 000 0 und d
020 |a 970-17-0120-8 
040 |a CEDOC FIQ-RUSB / 547 B155 
041 |a spa 
082 |a 547 B155 
100 1 |a Bailey, Philip S. 
100 1 |b Bailey, Cristina A. 
245 1 0 |a Quimica Orgánica. Conceptos y aplicaciones 
250 |a 5a.ed. 
260 |a México  |b Prentice Hall  |c 1998 
300 |a 575 p. :il 
650 7 |a QUIMICA ORGANICA 
650 7 |b  QUIMICA ORGANICA-LIBROS Y TEXTOS 
942 |c BK  |2 ddc 
991 |a TEXTO 
999 |c 13969